| 000 | 00446nam a2200169Ia 4500 | ||
|---|---|---|---|
| 008 | 230917s9999||||xx |||||||||||||| ||und|| | ||
| 020 | _cRS350 | ||
| 040 |
_e240945 _aMAIN |
||
| 041 | _aEnglish | ||
| 082 | _a784.4 Y11C | ||
| 100 | _aYadav, Chanderdev | ||
| 245 | 0 | _aLok-samaaj aur sanskriti | |
| 260 |
_aNew Delhi _bVidyavati Prakashan _c2015 |
||
| 300 | _a175 p. | ||
| 500 | _a2756 29/06/2017 HBD17/7013 30/06/2017 Main Budget | ||
| 942 | _cHN | ||
| 999 |
_c22981 _d22981 |
||